000 00567nam a22002057a 4500
003 OSt
005 20140310181924.0
008 130719t xxu||||| |||| 00| 0 eng d
050 _aMT 445
_b.En56 1934
082 _aTR 788.62
_bE2 1934
100 _aEndersen R. M.
_91917
245 _aRubank supplementary studies : Clarinet /
_cR.M. Endersen
260 _aChicago :
_bRubank,
_cc1934.
300 _a24 p. :
_bill. ;
_c30 cm.
521 _aFaculty
541 _j1
562 _e1
650 _aMusic
_xstudy and teaching.
_92203
942 _2lcc
_cBK-TR
_kTR
999 _c7130
_d7130